| 000 | 00845nam a2200241 a 4500 | ||
|---|---|---|---|
| 001 | BRL_1043 | ||
| 005 | 20190320211017.0 | ||
| 008 | 051113s1922----nyua#####c---#000-0#eng-# | ||
| 041 | _aeng | ||
| 044 | _anyu | ||
| 050 | 4 |
_aNK4320.M5 _b.A85 1922 |
|
| 110 | 2 |
_aMetropolitan Museum of Art (New York, N.Y.) _bEmily Johnston De Forest Collection _925664 |
|
| 245 | 1 | 0 |
_aThe Emily Johnston de forest Collection of Mexican Maiolica _cCatalogue by Edwin Atlee Barber. |
| 260 |
_aNew York _bThe Metropolitan Museum of Art _c1922 |
||
| 300 |
_axxii, 41 p. _bil. _c23 cm. |
||
| 500 | _aAu1171 | ||
| 500 | _aFirst exhibited at The Hispanic Society of America, february 18 to march 19, 1911 | ||
| 650 | 1 | 4 |
_aMayólica _97298 |
| 650 | 1 | 4 |
_aCerámica _vCatálogos _91369 |
| 700 | 1 |
_aAtlee Barber, Edwin _d1851-1916 _925665 |
|
| 902 | _aGRL | ||
| 942 |
_2lcc _cB |
||
| 999 |
_c9855 _d9855 |
||